Normal view
MARC view
- MILLER, David W.,
Entry Personal Name
001 - CONTROL NUMBER
- control field: 6640
003 - CONTROL NUMBER IDENTIFIER
- control field: OSt
005 - DATE AND TIME OF LATEST TRANSACTION
- control field: 20170522092807.0
008 - FIXED-LENGTH DATA ELEMENTS
- fixed length control field: 170522|| aca||aabn | a|a d
040 ## - CATALOGING SOURCE
- Original cataloging agency: OSt
- Transcribing agency: OSt
100 ## - HEADING--PERSONAL NAME
- Personal name: MILLER, David W.,
- Titles and other words associated with a name: and STARR (Martin Kenneth)
670 ## - SOURCE DATA FOUND
- Source citation: Work cat.: (OSt): MILLER, David W., and STARR (Martin Kenneth), The Structure of human decisions., 1967

PORTAL AKMAL
E-MEL JKDM
AKMAL2U
G-BAM
u-PUSTAKA